A differential system for blast resistance for stable rice production environment

Đã lưu trong:
Sonraí Bibleagrafaíochta
Formáid: Leabhar
Teanga:Undetermined
Foilsithe: Tsukuba, Japan JIRCAS 2007
Ábhair:
Clibeanna: Cuir Clib Leis
Gan Chlibeanna, Bí ar an gcéad duine leis an taifead seo a chlibeáil!
Thư viện lưu trữ: Trung tâm Học liệu Trường Đại học Cần Thơ
LEADER 00546nam a2200169Ia 4500
001 CTU_130519
008 210402s9999 xx 000 0 und d
082 |a 633.18 
082 |b D569 
245 2 |a A differential system for blast resistance for stable rice production environment 
245 0 |c Edited by Yoshimichi Fukuta, Casiana M. Vera Cruz and Nobuya Kobayashi 
260 |a Tsukuba, Japan 
260 |b JIRCAS 
260 |c 2007 
650 |a Rice blast disease. 
904 |i Minh 
980 |a Trung tâm Học liệu Trường Đại học Cần Thơ